Nota sobre la alimentación y desaparición de las grandes lagunas peninsulares / (Record no. 152468)

MARC details
000 -LEADER
campo de control de longitud fija 00964nam a2200217 i 4500
001 - NÚMERO DE CONTROL
campo de control 152468
003 - IDENTIFICADOR DE NÚMERO DE CONTROL
campo de control ES-MaACL
005 - FECHA Y HORA DE LA ÚLTIMA TRANSACCIÓN
campo de control 20250902102520.0
008 - DATOS DE LONGITUD FIJA--INFORMACIÓN GENERAL
campo de control de longitud fija 971016s1884 sp |||| | spa d
100 1# - ENTRADA PRINCIPAL--NOMBRE DE PERSONA
Nombre de persona Botella y de Hornos, Federico de,
Fechas asociadas al nombre 1822-1899
9 (RLIN) 30760
245 10 - MENCIÓN DEL TÍTULO
Título Nota sobre la alimentación y desaparición de las grandes lagunas peninsulares /
Mención de responsabilidad, etc. Federico de Botella y de Hornos.
260 ## - PUBLICACIÓN, DISTRIBUCIÓN, ETC.
Lugar de publicación, distribución, etc. [S.l. :
Nombre del editor, distribuidor, etc. s.n.,
Fecha de publicación, distribución, etc. 1884?]
300 ## - DESCRIPCIÓN FÍSICA
Extensión 12 p. ;
Dimensiones 24 cm.
500 ## - NOTA GENERAL
Nota general Ejemp. sin port., datos tomados de la primera h. de texto.
500 ## - NOTA GENERAL
Nota general Sesión del 5 de noviembre de 1884 de la Soc. Esp. de Hist. Nat.
594 ## - Nota al título y mención de responsabilidad
Nota al título y mención de responsabilidad Autor consta a fin de texto.
650 #4 - PUNTO DE ACCESO ADICIONAL DE MATERIA--TÉRMINO DE MATERIA
Término de materia o nombre geográfico como elemento de entrada Lagos-
Subdivisión geográfica España.
9 (RLIN) 164085
710 2# - ENTRADA AGREGADA--NOMBRE DE ENTIDAD CORPORATIVA
Nombre de entidad corporativa o nombre de jurisdicción como elemento de entrada Real Sociedad Española de Historia Natural
9 (RLIN) 6397
852 ## - LOCALIZACIÓN
Ubicación ES-MaACL
Número de control de estantería B-7464(12)
Nota libre - Enc. hol. con puntas, falto de enc. original
-- - Enc. en un vol. facticio
-- .- Legado de Federico de Botella y de Hornos
Holdings
Estatus retirado Estado de pérdida Estado de daño No para préstamo Colección Biblioteca de origen Biblioteca actual Ubicación en estantería Fecha de adquisición Total de préstamos Signatura topográfica completa Código de barras Visto por última vez Precio de reemplazo Tipo de ítem Koha
        Libros del s. XIX Biblioteca del Ateneo de Madrid Biblioteca del Ateneo de Madrid Sala Pardo Bazán 17/01/2008   B-7464(12) 1159209 23/02/2023 23/02/2023 Libro impreso antiguo